College Football Quarterbacks With 5,000+ Yard Seasons Since 2010 - Statistics

General Stats
  • This quiz has been taken 91 times
  • The average score is 4 of 8
Answer Stats
Year(s) School Player % Correct
2016 Texas Tech Patrick Mahomes
93%
2019 Louisiana State Joe Burrow
84%
2013 Fresno State Derek Carr
73%
2021 Western Kentuky Bailey Zappe
60%
2011 Houston Case Keenum
54%
2019 Washington State Anthony Gordon
4%
2015 Western Kentucky Brandon Doughty
0%
2010 Hawaii Bryant Moniz
0%
No matching quizzes found
Score Distribution
Percent of People with Each Score
Percentile by Number Answered
Your Score History
You have not taken this quiz